00531nam a2200169Ia 4500008004100000020001800041040001900059041001200078082002800090100002300118245007900141260004400220300002200264650001600286651003800302850002100340131103s9999 xx 000 0 und d c0-691-06398-2 aLoreto College aEnglish a821.09/PARbLCLIB/27910 aParker, Patricia A aInescapable romanceb studies in the poeties of a mode cPatricia A Parker aU. K.bPrinceton University Pressc1979 aIx.283p. c 23cm. aRomanticism aEpic poetry-History and criticism aLCLIB/821.09/PAR